| 000 | 00609nam a22002177a 4500 | ||
|---|---|---|---|
| 999 |
_c22376 _d22376 |
||
| 003 | OSt | ||
| 005 | 20220516102638.0 | ||
| 008 | 220516b ||||| |||| 00| 0 eng d | ||
| 020 | _a9786124349744 | ||
| 040 | _cBiblioteca Municipal de Cusco | ||
| 082 |
_a869.57/T681F1 _bT681F1 |
||
| 100 | 1 |
_aTola, Raúl _947969 |
|
| 245 | 1 | 3 |
_aLa favorita del Inca / _cRaúl Tola |
| 250 | _aPrimera edición. | ||
| 264 | 1 |
_aLima : _bAlfaguara, _c2019. |
|
| 300 |
_a189 páginas. : _c24 cm. |
||
| 490 | 0 | _aNarrativa hispánica | |
| 520 | _aNovela. | ||
| 650 |
_aNovelas peruanas _ySiglo XXI _947970 |
||
| 942 |
_2ddc _cLIBROS |
||